Flags of Oceania - 30 Seconds - Statistics

General Stats
  • This quiz has been taken 276 times
  • The average score is 11 of 14
Answer Stats
Picture Answer % Correct
Papua New Guinea
84%
Tuvalu
82%
New Zealand
81%
Palau
81%
Fiji
78%
Tonga
76%
Australia
75%
Kiribati
75%
Samoa
74%
Vanuatu
71%
Nauru
69%
Federated States of Micronesia
68%
Marshall Islands
68%
Solomon Islands
67%
No matching quizzes found
Score Distribution
Percent of People with Each Score
Percentile by Number Answered
Your Score History
You have not taken this quiz